A-Z: names ending in L - Statistics

General Stats
  • This quiz has been taken 29 times
  • The average score is 14 of 26
Answer Stats
Initial letter Clue Name ending in L % Correct
A First name of Capone, Pacino and Gore Al
100%
N Astronaut Armstrong Neil
93%
W Actors Smith and Ferrell Will
93%
O Writer George who came up with Big Brother Orwell
89%
J Nursery rhyme character who went up the hill with Jack Jill
82%
M First name of two Spice Girls Mel
79%
P Important apostle and saint after whom a Minnesota city is named Paul
79%
R Football teams of Madrid and Zaragoza Real
79%
V Actor Kilmer who portrayed Jim Morrison and Iceman Val
79%
H Surname of Woody Allen character Annie Hall
71%
T Legendary Swiss archer William Tell
71%
B Holy Roman Emperor, saint, and Fawlty Towers character Basil
68%
S Biblical name of Breaking Bad character Goodman Saul
57%
Y Loud-sounding island in Shetland Yell
57%
K Lake District town, and Everton manager Howard Kendal
39%
E American motorcycle daredevil of the 1970s Evil Knievel
36%
G Large port city in Ecuador Guayaquil
29%
C Scottish clan infamous for the Glencoe massacre Campbell
25%
Q Serpent-god of the Aztecs Quetzalcoatl
25%
D Pantera guitarist who was shot dead onstage Dimebag Darrell
21%
Z Monster from Ghostbusters Zuul
21%
F English actress Anna who played Beth in Brookside Friel
18%
I River in Manchester Irwell
18%
L Observatory in Arizona, and Boston suburb Lowell
18%
U Village next to Livingston in West Lothian Uphall
14%
X Peruvian poet whose surname means April Xavier Abril
4%
No matching quizzes found
Score Distribution
Percent of People with Each Score
Percentile by Number Answered
Your Score History
You have not taken this quiz